Statistics for Most Covid-19 Deaths on 6 June

Click here to take the quiz!

General Stats

  • This quiz has been taken 14 times
  • The average score is 11 of 15

Answer Stats

deathscountry% Correct
910Brazil
100%
197Russia
100%
706United States
100%
625Mexico
93%
204United Kingdom
93%
70Canada
79%
297India
79%
72Italy
79%
60Colombia
64%
139Peru
64%
74Ecuador
57%
75Iran
57%
97Pakistan
57%
93Chile
50%
58Guatemala
14%

Score Distribution

Percentile by Number Answered

Percent of People with Each Score

Your Score History

You have not taken this quiz